|
|
|
|
| LEADER |
00000nab a22000005a 4500 |
| 001 |
AR-BbUGT10103 |
| 003 |
AR-BbUGT |
| 005 |
20210511081738.0 |
| 007 |
ta |
| 008 |
160715s2014||||ag |||p |||| 0|||||spa d |
| 999 |
|
|
|c 15637
|d 15637
|
| 040 |
|
|
|a AR-BbUGT
|c AR-BbUGT
|
| 100 |
1 |
|
|a Bustelo, Julieta Anahí
|
| 245 |
1 |
0 |
|a Hacia una caracterización de la estructura agraria cañera de Tucumán en los inicios del primer peronismo
|
| 651 |
|
4 |
|a Tucumán (Argentina : Provincia)
|9 390
|
| 653 |
|
|
|a Cañeros
|
| 653 |
|
|
|a Peronismo
|
| 653 |
|
|
|a Censo
|
| 653 |
|
|
|a Estructura agraria
|
| 773 |
0 |
|
|o R7558.44
|g Vol. 13, no. 14 (2014), p. 9-28
|t Revista del Departamento de Geografía (Tucumán)
|x 0328-5359
|w AR-BbUGT7177
|
| 942 |
|
|
|2 ddc
|c ARTPP
|